00294nam a2200121Ia 4500008004100000100002300041245004700064260002000111300000700131650001000138942000700148999001700155190216s9999||||xx |||||||||||||| ||und|| aOm Prakash Agarwal 0aHindi-Mahakavi Ka Pradhana Megadhoot Kavya bAnmol Prakashan a81 aHindi cBK c16291d16291